000 00605nam a2200169 4500
001 145154
003 ES-MaACL
005 20230906201156.0
007 t|
008 070214s1973 sp r ||||1| spa d
100 1 _aSotomayor Muro, Manuel.
_9107544
245 1 0 _aDatos históricos sobre los sarcófagos romano-cristianos de España /
_cManuel Sotomayor Muro.
260 _aGranada :
_bUniversidad, Facultad de Filosofía y Letras,
_c1973.
300 _a135 p. 110 lám.? ;
_c25 cm.
710 2 _aUniversidad de Granada.
_bFacultad de Filosofía y Letras.
_97183
852 _aES-MaACL
_jC-54213
_bR.86837
999 _c145154
_d145154